[Event "2nd IMSA Basque 2017"]
[Site "Huai'an CHN"]
[Date "2017.12.15"]
[Round "4.2"]
[White "Korobov,A"]
[Black "Mamedyarov,S"]
[Result "1/2-1/2"]
[WhiteElo "2652"]
[BlackElo "2799"]

1.d4 Nf6 2.c4 e6 3.Nf3 d5 4.Nc3 dxc4 5.e4 Bb4 6.Bxc4 Nxe4 7.O-O Nxc3 8.bxc3 Bd6
9.Re1 Nd7 10.Bg5 Be7 11.d5 Nc5 12.dxe6 Bxe6 13.Bxe6 Nxe6 14.Qa4+ c6 15.Rad1 Qc7
16.Qg4 O-O 17.Rxe6 fxe6 18.Qxe6+ Rf7 19.Rd7 Qxd7 20.Qxd7 Rd8 21.Qe6 Rd1+
22.Ne1 Bxg5 23.Qe2 Ra1 24.h4 Bxh4 25.Kh2 Bf6 26.f4 Re7 27.Qc4+ Kh8 28.Nf3 h6
29.Qc5 Re2 30.Qf5 Raxa2 31.Qc8+ Kh7 32.Qf5+ Kh8 33.Qc8+ Kh7 34.Qf5+ Kg8 35.Qc8+ Kf7
36.Qxb7+ Kg6 37.Qb1+ Rec2 38.Ne1 Rb2 39.Qd1 Rd2 40.Qf3 Re2 41.Kh3 Rbd2 42.Qg4+ Kf7
43.Nf3 Rd3 44.Kh2 Rxc3 45.Ng5+ Bxg5 46.Qxe2 Bxf4+ 47.Kg1 Be3+ 48.Kh2 Bf4+
49.Kg1 Be3+ 50.Kh2 Bd4 51.Qh5+ Ke6 52.Qe8+ Kd5 53.Qd7+ Ke4 54.Qg4+ Kd3 55.Qf3+ Kd2
56.Qf4+ Be3 57.Qe5 c5 58.Qxg7 c4 59.Qc7 Ke2 60.g3 Rc2 61.Kh3 Rc1 62.Kg2 Rc2
63.Kh3 Bg5 64.Qe5+ Kd1 65.Qd4+ Bd2 66.Qxa7 c3 67.Qa4 Be3 68.Kg4 Kd2 69.Kf3 Bg5
70.Qd4+ Kc1 71.Qd3 Kb2 72.Qb5+ Kc1 73.Qd3 Kb2 74.Qb5+ Ka2 75.Qc4+ Kb1 76.Qd3 Bd2
77.Ke4 Kb2 78.Qb5+ Ka1 79.Qa4+ Kb1 80.Kd3 Rb2 81.Qd1+ Ka2 82.Qa4+ Kb1 83.Qd1+  1/2-1/2

[Event "2nd IMSA Basque 2017"]
[Site "Huai'an CHN"]
[Date "2017.12.15"]
[Round "4.1"]
[White "Mamedyarov,S"]
[Black "Korobov,A"]
[Result "0-1"]
[WhiteElo "2799"]
[BlackElo "2652"]

1.d4 Nf6 2.c4 e6 3.Nf3 b6 4.g3 Bb7 5.Bg2 Be7 6.O-O O-O 7.Re1 Na6 8.Ne5 Bxg2
9.Kxg2 c5 10.d5 Qc7 11.Nf3 Ne4 12.a3 f5 13.Qd3 Qb7 14.Nbd2 Nxd2 15.Bxd2 Bf6
16.Bc3 exd5 17.cxd5 Rae8 18.e4 fxe4 19.Rxe4 Rxe4 20.Qxe4 Nc7 21.Rd1 h6 22.h4 Ne8
23.Qg6 d6 24.Qe4 Qf7 25.Rd3 b5 26.Bxf6 Nxf6 27.Qf5 a5 28.b3 Re8 29.Qf4 Re2
30.Qxd6 Rxf2+ 31.Kg1 Re2 32.Kf1 Re8 33.Qxc5 Ne4 34.Qc6 Nxg3+ 35.Kg2 Nf5 36.Kf2 Kh7
37.d6 Qg6 38.Qxe8  0-1

[Event "2nd IMSA Basque 2017"]
[Site "Huai'an CHN"]
[Date "2017.12.15"]
[Round "5.1"]
[White "Le Quang Liem"]
[Black "Mamedyarov,S"]
[Result "0-1"]
[WhiteElo "2737"]
[BlackElo "2799"]

1.Nf3 Nf6 2.c4 e6 3.g3 d5 4.Bg2 d4 5.O-O c5 6.b4 a5 7.bxc5 Bxc5 8.d3 O-O
9.Ba3 Na6 10.Qc1 Qd6 11.Bxc5 Nxc5 12.Na3 Bd7 13.Qf4 Qxf4 14.gxf4 Nh5 15.Nxd4 Nxf4
16.Bf3 e5 17.Nb3 Nxb3 18.axb3 Bc6 19.Bxc6 Nxe2+ 20.Kh1 bxc6 21.Rfe1 Nf4 22.Rxe5 Nxd3
23.Rf5 Rfb8 24.Nc2 Rxb3 25.Nd4 Rb2 26.Nxc6 a4 27.Rb5 g6 28.Kg1 a3 29.Ne7+ Kg7
30.Nd5 Ra4 31.Nb6 Ra6 32.Nd5 Re6 33.Rxa3 Re1+ 34.Kg2 Rxf2+ 35.Kh3 Rd2 36.Rbb3 Nf2+
37.Kg3 Ne4+ 38.Kf3 Rf2+ 39.Kg4 h5+ 40.Kh3 Rh1  0-1

[Event "2nd IMSA Basque 2017"]
[Site "Huai'an CHN"]
[Date "2017.12.15"]
[Round "5.2"]
[White "Mamedyarov,S"]
[Black "Le Quang Liem"]
[Result "1-0"]
[WhiteElo "2799"]
[BlackElo "2737"]

1.d4 Nf6 2.c4 e6 3.Nf3 d5 4.Nc3 Bb4 5.Bg5 h6 6.Bh4 dxc4 7.e3 b5 8.Be2 Nbd7
9.a4 c6 10.O-O Qb6 11.Qc2 Bb7 12.b3 cxb3 13.Qxb3 Bxc3 14.Qxc3 b4 15.Qc2 a5
16.e4 O-O 17.Rfd1 Rac8 18.Bc4 c5 19.d5 exd5 20.exd5 Ba6 21.Nd2 Ne5 22.d6 Nfd7
23.f4 Nc6 24.Qf5 Bxc4 25.Nxc4 Qa7 26.Ne5 Ncxe5 27.fxe5 c4+ 28.Kh1 c3 29.Be7 Rc5
30.Bxf8 Rxe5 31.Qd3 Nxf8 32.Re1 Re6 33.Rxe6 Nxe6 34.d7 Qc7 35.Re1 Qd8 36.h3 g6
37.Qd5 Kg7 38.Qe5+ Kh7 39.Qd5 Kg7 40.Qe5+ Kh7 41.Qd5 Kg7 42.Qc6 Nf8 43.Rd1 Ne6
44.Rd6 Qe7 45.Rd1 Nd8 46.Qd5 Qe3 47.Qc4 Qe6 48.Qc7 Qf6 49.Qc4 Qc6 50.Qd4+ Kh7
51.Rc1 Qxa4 52.Re1 c2 53.Kh2 g5 54.Qe4+ Kg7 55.Qd4+ Kh7 56.Qe4+ Kg7 57.Qe5+ Kh7
58.Qc7 b3 59.Rf1 b2 60.Qxd8 Qc4 61.Qf6 Qxf1 62.Qxf1 c1=Q 63.Qxf7+  1-0

[Event "Nutcracker Classical 2017"]
[Site "Moscow RUS"]
[Date "2017.12.19"]
[Round "1.3"]
[White "Oparin,G"]
[Black "Mamedyarov,S"]
[Result "0-1"]
[WhiteElo "2602"]
[BlackElo "2799"]

1.Nf3 d5 2.g3 g6 3.c4 dxc4 4.Na3 Bg7 5.Nxc4 Nc6 6.d3 e5 7.Bd2 Nge7 8.b4 Be6
9.Rc1 Nd4 10.Bg2 Bd5 11.e4 Nxf3+ 12.Qxf3 Be6 13.O-O Nc6 14.Bc3 O-O 15.Qe3 Qd7
16.b5 Nd4 17.Bxd4 exd4 18.Qg5 a6 19.b6 Rac8 20.bxc7 Rxc7 21.Nb6 Qd6 22.Nd5 Rc3
23.Rfe1 h6 24.Qd2 Rfc8 25.e5 Bxe5 26.Nxc3 dxc3 27.Qxh6 b5 28.Bh3 Re8 29.Bxe6 Rxe6
30.Re4 Qxd3 31.Rce1 Qd5 32.Qc1 Bd4 33.Rxe6 fxe6 34.Qc2 Kg7 35.Re4 e5 36.h4 a5
37.Kh2 Bxf2 38.Rg4 Qe6 39.Kh3 Qc6 40.Kh2 Qe6 41.Kh3 Bd4 42.h5 e4 43.Qd1 Bf6
44.Kh2 g5 45.Qe2 c2 46.Rxe4 Qc6 47.Re7+ Kf8  0-1

[Event "Nutcracker Classical 2017"]
[Site "Moscow RUS"]
[Date "2017.12.20"]
[Round "2.3"]
[White "Esipenko,Andrey"]
[Black "Mamedyarov,S"]
[Result "0-1"]
[WhiteElo "2564"]
[BlackElo "2799"]

1.d4 Nf6 2.c4 e6 3.Nf3 d5 4.Nc3 c6 5.e3 Nbd7 6.Qc2 Bd6 7.Bd3 O-O 8.O-O dxc4
9.Bxc4 a6 10.Rd1 b5 11.Bf1 Qc7 12.e4 e5 13.g3 Re8 14.Bg2 h6 15.h3 c5 16.dxe5 Nxe5
17.Nh4 g5 18.Nf5 Bxf5 19.exf5 Rad8 20.a4 b4 21.Nd5 Nxd5 22.Rxd5 Nd7 23.f6 Nxf6
24.Rf5 Re1+ 25.Kh2 Nh5 26.Qb3 Ng7 27.Rf6 c4 28.Qf3 h5 29.Rh6 h4 30.Qg4 hxg3+
31.fxg3 Qc5 32.h4 Bxg3+ 33.Qxg3 Qg1+ 34.Kh3 Rd3 35.Bf3 Rxf3 36.Qxf3 g4+ 37.Qxg4 Qh1+
38.Kg3 Rg1+  0-1

[Event "Nutcracker Classical 2017"]
[Site "Moscow RUS"]
[Date "2017.12.21"]
[Round "3.3"]
[White "Mamedyarov,S"]
[Black "Yuffa,D"]
[Result "1-0"]
[WhiteElo "2799"]
[BlackElo "2522"]

1.Nf3 Nf6 2.g3 g6 3.b3 d6 4.d4 Bg7 5.Bb2 O-O 6.Bg2 a5 7.c4 Ne4 8.Qc2 Bf5
9.g4 Nxf2 10.gxf5 Nxh1 11.Bxh1 a4 12.b4 Nd7 13.Nbd2 a3 14.Bc3 c5 15.dxc5 Bxc3
16.Qxc3 dxc5 17.b5 Qa5 18.Qe3 Nf6 19.h3 Rad8 20.Kf2 Rd6 21.Rg1 Rfd8 22.Qxe7 Qc3
23.Ne4 Nxe4+ 24.Qxe4 Rd1 25.Qe7 Kg7 26.fxg6 hxg6 27.Rxg6+ Kxg6 28.Ne5+  1-0

[Event "Nutcracker Classical 2017"]
[Site "Moscow RUS"]
[Date "2017.12.22"]
[Round "4.3"]
[White "Mamedyarov,S"]
[Black "Artemiev,V"]
[Result "1/2-1/2"]
[WhiteElo "2799"]
[BlackElo "2691"]

1.d4 Nf6 2.c4 g6 3.Nf3 Bg7 4.g3 c6 5.Bg2 d5 6.cxd5 cxd5 7.Ne5 O-O 8.Nc3 e6
9.Bg5 h6 10.Bf4 Bd7 11.Qd2 Kh7 12.h4 Nh5 13.Nxd7 Nxd7 14.Bd6 Re8 15.g4 Ndf6
16.gxh5 Qxd6 17.hxg6+ fxg6 18.e4 dxe4 19.Nxe4 Nxe4 20.Bxe4 Qxd4 21.Qxd4 Bxd4
22.Rg1 Rg8 23.h5 Kh8 24.hxg6 Rgf8 25.Rg2 Kg7 26.f3 Rac8 27.Rd1 e5 28.Bxb7 Rc7
29.Be4 Rb8 30.b3 Rc3 31.Kf1 Rf8 32.Rgd2 Rfxf3+ 33.Bxf3 Rxf3+ 34.Kg2 Re3 35.Rf1 Kxg6
36.Rf3 Re1 37.Rf1 Re3 38.Kh1 Rh3+ 39.Rh2 Rc3 40.Rg2+ Kh5 41.b4 Kh4 42.Rh2+ Kg5
43.Rg2+ Kh4 44.Rg6  1/2-1/2

[Event "Nutcracker Rapid 2017"]
[Site "Moscow RUS"]
[Date "2017.12.23"]
[Round "1.3"]
[White "Oparin,G"]
[Black "Mamedyarov,S"]
[Result "1/2-1/2"]
[WhiteElo "2602"]
[BlackElo "2799"]

1.e4 e5 2.Nf3 d6 3.d4 exd4 4.Nxd4 Nf6 5.Nc3 Be7 6.g3 O-O 7.Bg2 Re8 8.O-O Bf8
9.h3 Nbd7 10.Re1 c5 11.Nf5 Ne5 12.Bg5 h6 13.Bxf6 Qxf6 14.Nd5 Qd8 15.Qd2 b5
16.Rad1 Rb8 17.f4 Nc4 18.Qc3 Bxf5 19.exf5 Rxe1+ 20.Rxe1 Nb6 21.Nxb6 axb6
22.Bd5 b4 23.Qd3 Be7 24.Qc4 Qf8 25.Qb5 Qd8 26.Kg2 Bf6 27.b3 Kf8 28.h4 Qc8
29.Qc6 Qxc6 30.Bxc6 Rc8 31.Bd5 Re8 32.Rxe8+ Kxe8  1/2-1/2

[Event "Nutcracker Rapid 2017"]
[Site "Moscow RUS"]
[Date "2017.12.23"]
[Round "2.3"]
[White "Mamedyarov,S"]
[Black "Yuffa,D"]
[Result "1-0"]
[WhiteElo "2799"]
[BlackElo "2522"]

1.Nf3 d5 2.d4 Nf6 3.c4 c6 4.g3 dxc4 5.Bg2 Bg4 6.Ne5 Bh5 7.Nc3 e6 8.Nxc4 Be7
9.Qb3 Qd7 10.Ne5 Qc8 11.h3 Bg6 12.h4 Nbd7 13.g4 Nxe5 14.dxe5 Nxg4 15.h5 Bf5
16.e4 Nxe5 17.exf5 Nd3+ 18.Kf1 exf5 19.h6 g6 20.Nd5 cxd5 21.Qxd3 O-O 22.Qd4 f6
23.Bd2 Kh8 24.Bc3 b5 25.Re1 Bc5 26.Qxf6+ Rxf6 27.Bxf6+ Kg8 28.Bxd5+  1-0

[Event "Nutcracker Rapid 2017"]
[Site "Moscow RUS"]
[Date "2017.12.23"]
[Round "3.3"]
[White "Esipenko,Andrey"]
[Black "Mamedyarov,S"]
[Result "1/2-1/2"]
[WhiteElo "2564"]
[BlackElo "2799"]

1.d4 Nf6 2.c4 e6 3.Nf3 d5 4.Nc3 dxc4 5.e4 a6 6.Bxc4 b5 7.Bd3 Bb7 8.Qe2 Nbd7
9.O-O c5 10.e5 Nd5 11.Ne4 cxd4 12.Bg5 Qb8 13.a3 h6 14.Bd2 Be7 15.Ng3 N5b6
16.Nh5 g6 17.Ng7+ Kf8 18.Nxe6+ fxe6 19.Bxg6 Nc4 20.Bf4 Kg7 21.Bh5 Rf8 22.Nxd4 Rxf4
23.Nxe6+ Kh8 24.Nxf4 Ncxe5 25.Rad1 Bg5 26.Ng6+ Nxg6 27.Rxd7 Bc6 28.Rf7 Qe5
29.Qd3 Be4 30.Qd7 Nf4 31.Bf3 Rd8 32.Qa7 Qe6 33.Re1 Bxf3 34.Rf8+ Rxf8 35.Rxe6 Nxe6
36.gxf3 Bf6 37.Qxa6 Nd4 38.Kf1 Kg7 39.b4 Re8 40.a4 bxa4 41.Qxa4 Re5 42.Qd7+ Kg6
43.Qg4+ Kf7 44.Qd7+ Kg6 45.Qg4+ Rg5 46.Qe4+ Rf5 47.Qg4+ Kf7 48.Qe4 Rb5 49.Qb1 Kg7
50.f4 h5 51.Kg2 h4 52.Kh3 Be7 53.Qe4 Bf6 54.Qb1 Kh6 55.Kg4 Rb8 56.Kh3 Rb7
57.Qe1 Re7 58.Qd1 Re2 59.Kg2 Rb2 60.Qe1 Ne2 61.Kf3 Nd4+ 62.Kg2 Re2 63.Qd1 Re7
64.Qd3 Rb7 65.Qc4 Rg7+ 66.Kf1 Ra7 67.Kg2 Rb7 68.Qc8 Rb5 69.Qf8+ Kg6 70.Qc8 Kg7
71.Qd7+ Kg6 72.Qg4+ Kh6 73.Qd7 Rf5 74.Qd6 Kg6 75.h3 Rb5 76.Kf1 Kf5 77.Kg2 Kg6
78.Kf1 Rb7 79.Kg2 Kg7 80.Kf1 Rb5 81.Kg2 Kg6 82.Kf1 Rb7 83.Kg2 Rb5 84.Kf1 Nf5
85.Qf8 Nd4 86.Qd6 Rf5 87.Kg2 Ne2 88.Kf3 Nd4+ 89.Kg2 Rb5 90.Kf1 Rb7 91.Kg2 Nf5
92.Qc5 Nd4  1/2-1/2

[Event "Nutcracker Rapid 2017"]
[Site "Moscow RUS"]
[Date "2017.12.23"]
[Round "4.3"]
[White "Mamedyarov,S"]
[Black "Artemiev,V"]
[Result "0-1"]
[WhiteElo "2799"]
[BlackElo "2691"]

1.d4 Nf6 2.c4 g6 3.g3 Bg7 4.Bg2 d5 5.Nf3 O-O 6.O-O c6 7.cxd5 cxd5 8.Ne5 e6
9.Nc3 Nfd7 10.Nf3 Nf6 11.Ne5 Bd7 12.Bg5 h6 13.Bf4 Nc6 14.Qd2 Kh7 15.Rfd1 Nh5
16.e4 Nxf4 17.Qxf4 dxe4 18.Nxe4 Qe7 19.h4 Rad8 20.h5 gxh5 21.Rac1 Be8 22.Nf3 f5
23.Nc3 h4 24.d5 hxg3 25.dxc6 gxf2+ 26.Kxf2 Bxc6 27.Re1 Rd3 28.Qc4 Qd6 29.Re2 Bxf3
30.Bxf3 Qh2+  0-1

[Event "Nutcracker Rapid 2017"]
[Site "Moscow RUS"]
[Date "2017.12.24"]
[Round "5.3"]
[White "Artemiev,V"]
[Black "Mamedyarov,S"]
[Result "1-0"]
[WhiteElo "2691"]
[BlackElo "2799"]

1.e4 e5 2.Nf3 Nc6 3.Nc3 Nf6 4.d4 exd4 5.Nxd4 Bc5 6.Nxc6 bxc6 7.Bd3 O-O 8.O-O Re8
9.Bg5 h6 10.Bh4 Rb8 11.Kh1 d5 12.exd5 cxd5 13.Nxd5 Qxd5 14.Bxf6 Bb7 15.Qg4 Qxg2+
16.Qxg2 Bxg2+ 17.Kxg2 gxf6 18.b3 Rbd8 19.Rad1 Rd4 20.Bc4 Ree4 21.Rxd4 Rxd4
22.Bd3 Kf8 23.h3 Rf4 24.f3 Rd4 25.f4 Bd6 26.Kg3 h5 27.Be2 Rd5 28.h4 Kg7 29.Bd3 Rd4
30.Rf3 a5 31.a4 Kh6 32.c3 Rd5 33.Kf2 f5 34.Ke2 Be7 35.Bc4 Rd7 36.Rh3 c5 37.Bd3 Rb7
38.Bc4 Bf6 39.Rd3 Re7+ 40.Kf3 Bxh4 41.Rd6+ Kg7 42.Rd5 Bf6 43.Rxc5 Bxc3 44.Rxf5 h4
45.Kg4 Be1 46.Rg5+ Kf8 47.Kf5 Rc7 48.Kg4 Rc6 49.Re5 Rg6+ 50.Kh3 Rg3+ 51.Kh2 Bd2
52.Rf5 Rf3 53.Rxf7+ Ke8 54.Kg2 Rg3+ 55.Kf2 Rc3 56.Rf5 h3 57.Re5+ Kf8 58.Rxa5 h2
59.Rf5+ Ke7 60.Kg2 Rh3 61.Kh1 Rh4 62.a5 Bxf4 63.a6 Bb8 64.a7  1-0

[Event "Nutcracker Rapid 2017"]
[Site "Moscow RUS"]
[Date "2017.12.24"]
[Round "6.3"]
[White "Mamedyarov,S"]
[Black "Esipenko,Andrey"]
[Result "1-0"]
[WhiteElo "2799"]
[BlackElo "2564"]

1.Nf3 Nf6 2.b3 e6 3.Bb2 d5 4.e3 Be7 5.d4 O-O 6.Bd3 c5 7.Nbd2 Nc6 8.dxc5 Bxc5
9.a3 Qe7 10.c4 a5 11.Qc2 Bd6 12.O-O h6 13.e4 dxc4 14.Nxc4 Bc5 15.Rad1 Rd8
16.e5 Nd5 17.Bh7+ Kh8 18.Be4 Rb8 19.Qc1 Kg8 20.Bb1 b6 21.h4 Qf8 22.h5 Nce7
23.Rfe1 Kh8 24.Qc2 Qg8 25.Nd6 Bxd6 26.exd6 Rxd6 27.Be5 Nf5 28.Bxd6 Nxd6 29.Rxd5 exd5
30.Qc7  1-0

[Event "Nutcracker Rapid 2017"]
[Site "Moscow RUS"]
[Date "2017.12.24"]
[Round "7.3"]
[White "Yuffa,D"]
[Black "Mamedyarov,S"]
[Result "1/2-1/2"]
[WhiteElo "2522"]
[BlackElo "2799"]

1.d4 Nf6 2.c4 e6 3.g3 d5 4.Nf3 Bb4+ 5.Bd2 Bd6 6.Bg2 O-O 7.O-O Nbd7 8.Qc2 c6
9.Bg5 h6 10.Bxf6 Nxf6 11.Nbd2 b6 12.e4 Nxe4 13.Nxe4 dxe4 14.Qxe4 Bb7 15.Rfd1 Qe7
16.Ne5 Rac8 17.Rac1 Rfd8 18.a3 a5 19.Qe3 a4 20.c5 bxc5 21.dxc5 Bxe5 22.Qxe5 Rxd1+
23.Rxd1 Ba6 24.Rd6 Bb5 25.f4 Qc7 26.h4 Rd8 27.Qd4 Rxd6 28.cxd6 Qd7 29.g4 f6
30.g5 hxg5 31.hxg5 Kf7 32.Bf3 fxg5 33.fxg5 Qd8 34.Bh5+ g6 35.Qf4+ Ke8 36.d7+ Kxd7
37.Qd4+ Ke7 38.Qxd8+ Kxd8 39.Bxg6 Ke7 40.Kf2 Kd6 41.Bc2 Ke5 42.Kg3 c5 43.Kh4 Be8
44.Kg4 c4 45.Kf3 Kd4 46.g6 Bxg6 47.Bxg6 c3 48.Ke2 e5 49.Kd1 cxb2 50.Kc2 e4
51.Kxb2 e3 52.Bh5 Kd3 53.Be8 Kd2 54.Bb5 e2 55.Bxe2 Kxe2 56.Kc3 Ke3 57.Kb4 Kd4
58.Kxa4 Kc5  1/2-1/2

[Event "Nutcracker Rapid 2017"]
[Site "Moscow RUS"]
[Date "2017.12.24"]
[Round "8.3"]
[White "Mamedyarov,S"]
[Black "Oparin,G"]
[Result "1/2-1/2"]
[WhiteElo "2799"]
[BlackElo "2602"]

1.g3 d5 2.Nf3 Nd7 3.d4 e6 4.Bg2 Ngf6 5.O-O b5 6.Qd3 Rb8 7.Ne5 Nxe5 8.dxe5 Nd7
9.e4 Nxe5 10.Qd4 Bd6 11.exd5 O-O 12.Nc3 exd5 13.Nxd5 c6 14.Bf4 Nc4 15.b3 cxd5
16.bxc4 bxc4 17.Bxd5 Bxf4 18.Bxf7+ Kh8 19.Qxd8 Rxd8 20.gxf4 Bf5 21.Bxc4 Bxc2
22.Rac1 Bf5 23.Bb3 Rd4 24.Rc7 a5 25.Ra7 Rxf4 26.f3 Bh3 27.Rf2 a4 28.Bc2 g6
29.a3 Rc8 30.Rb7 Rc3 31.Re2 Rcxf3 32.Re8+ Rf8 33.Rxf8+ Rxf8 34.Rb1 Rf4 35.Bd3 Rf3
36.Rb8+ Kg7 37.Rd8 g5 38.Rd4 h5 39.Bb5 Rxa3 40.Rxa4 Rb3 41.Bc4 Rc3 42.Kf2 Rc2+
43.Kg3 Bc8 44.h4 Rc3+ 45.Kf2 g4 46.Bd5 Kf6 47.Ra5 Bf5 48.Bb7 Rb3 49.Bc6 Rh3
50.Bb7 Rxh4 51.Bg2 g3+ 52.Kxg3  1/2-1/2

[Event "World Rapid 2017"]
[Site "Riyadh KSA"]
[Date "2017.12.26"]
[Round "1.4"]
[White "Rakhmanov,Ale"]
[Black "Mamedyarov,S"]
[Result "0-1"]
[WhiteElo "2653"]
[BlackElo "2799"]

1.d4 Nf6 2.c4 e6 3.Nc3 Bb4 4.e3 O-O 5.Bd3 d5 6.Ne2 c5 7.a3 Bxc3+ 8.bxc3 dxc4
9.Bxc4 b6 10.O-O Qc7 11.Ba2 Rd8 12.Bb2 Ba6 13.Rc1 Nc6 14.c4 cxd4 15.exd4 Ng4
16.Ng3 Qf4 17.h3 Nf6 18.Ne2 Qh4 19.Qa4 Bb7 20.Qb3 Rac8 21.Rfd1 Na5 22.Qg3 Qxg3
23.Nxg3 Ba6 24.c5 Bb7 25.Bc3 Nc6 26.cxb6 axb6 27.d5 Nxd5 28.Bxd5 exd5 29.Nf5 g6
30.Nd4 Ne5 31.Ne6 Nf3+ 32.gxf3 fxe6 33.Be5 Rxc1 34.Rxc1 d4 35.Rd1 d3 36.Kg2 Rd5
37.Bc7 d2 38.Bxb6 Rg5+  0-1

[Event "World Rapid 2017"]
[Site "Riyadh KSA"]
[Date "2017.12.26"]
[Round "2.2"]
[White "Mamedyarov,S"]
[Black "Bocharov,D"]
[Result "1/2-1/2"]
[WhiteElo "2799"]
[BlackElo "2583"]

1.d4 Nf6 2.c4 e6 3.Nc3 Bb4 4.Nf3 b6 5.e3 O-O 6.Bd3 d5 7.O-O Ba6 8.Qe2 c5
9.dxc5 Nbd7 10.cxd5 Bxd3 11.Qxd3 Nxc5 12.Qb5 Bxc3 13.dxe6 fxe6 14.bxc3 Nfe4
15.Nd4 Qh4 16.f3 e5 17.fxe4 exd4 18.exd4 Rxf1+ 19.Qxf1 Rf8 20.Qc4+ Kh8 21.Ba3 Qxe4
22.Bxc5 bxc5 23.Qxc5 Qe3+ 24.Kh1 Qf2 25.h3 h6 26.a4 a6 27.Rb1 Re8 28.Qc6 Re3
29.Qd5 Kh7 30.c4 Qf4 31.Rd1 Ra3 32.c5 Rxa4 33.c6 Ra3 34.Qc4 Qe4 35.Kg1 Qe3+
36.Kh2 Qf4+ 37.Kh1 Qe4 38.Qc1 Rxh3+ 39.Kg1 Rg3 40.Qd2 Qxc6 41.d5 Qc5+ 42.Qf2 Qd6
43.Qf5+ Rg6 44.Re1 Qf6 45.Qxf6 Rxf6 46.Rd1 Kg6 47.d6 Rf8 48.Ra1 Rd8 49.Rxa6  1/2-1/2

[Event "World Rapid 2017"]
[Site "Riyadh KSA"]
[Date "2017.12.26"]
[Round "3.9"]
[White "Mamedyarov,S"]
[Black "Demchenko,A"]
[Result "1/2-1/2"]
[WhiteElo "2799"]
[BlackElo "2660"]

1.d4 Nf6 2.c4 g6 3.g3 Bg7 4.Bg2 O-O 5.Nc3 d6 6.Nf3 Nbd7 7.O-O e5 8.b3 Re8
9.e4 exd4 10.Nxd4 Nc5 11.f3 a5 12.Be3 Nfd7 13.Qc2 f5 14.Rad1 fxe4 15.fxe4 c6
16.h3 Qe7 17.Kh2 Ne5 18.Qd2 Ne6 19.Nde2 a4 20.Qc2 axb3 21.axb3 Nc5 22.Nd4 Ra3
23.Bc1 Ra8 24.b4 Ne6 25.Nce2 Nxd4 26.Nxd4 Be6 27.c5 dxc5 28.Nxe6 Qxe6 29.bxc5 Qa2
30.Rd2 Qxc2 31.Rxc2 Ra1 32.Bf4 Rea8 33.Rxa1 Rxa1 34.Rd2 Bf6 35.h4 Kf7 36.Bxe5  1/2-1/2

[Event "World Rapid 2017"]
[Site "Riyadh KSA"]
[Date "2017.12.26"]
[Round "4.13"]
[White "Kasimdzhanov,R"]
[Black "Mamedyarov,S"]
[Result "1/2-1/2"]
[WhiteElo "2683"]
[BlackElo "2799"]

1.e4 e5 2.Nf3 Nc6 3.Bb5 a6 4.Ba4 d6 5.c3 Bd7 6.d4 g6 7.O-O Bg7 8.Re1 Nf6
9.Bxc6 Bxc6 10.dxe5 Nxe4 11.exd6 O-O 12.dxc7 Qxc7 13.Be3 Rad8 14.Nd4 Be5
15.h3 Bh2+ 16.Kh1 Bf4 17.Qc2 Rfe8 18.Na3 Bd5 19.c4 Bc6 20.Rad1 Bxe3 21.Rxe3 Qb6
22.c5 Nxc5 23.Nc4 Qc7 24.Nxc6 Qxc6 25.Rxd8 Rxd8 26.Ne5 Qd6 27.Qc4 Ne6 28.a4 Kg7
29.Qc3 Qd4 30.Qb3 Qf4 31.Nf3 h5 32.g3 Qf5 33.Kg2 Qd5 34.Qc3+ Kg8 35.Re5 Qd3
36.Qb4 Rd7 37.Qb6 Qd6 38.Qe3 Qc6 39.b3 Rd1 40.Qe4 Qxe4 41.Rxe4 Nc5 42.Re7 Rd7
43.Rxd7 Nxd7 44.Nd2 Kf8 45.Kf3 Ke7 46.Ke4 Kd6 47.Kd4 Kc6 48.Ne4 f5 49.Nd2 Nc5
50.Ke5 Nd3+ 51.Kf6 Nxf2 52.Kxg6 Nxh3 53.Kxf5 Kc5 54.Kg6 Kb4 55.Kxh5 Kc3 56.Kg4 Ng1
57.Ne4+ Kxb3 58.Nc5+ Kb4 59.Nxb7 Kxa4 60.Nc5+ Kb5  1/2-1/2

[Event "World Rapid 2017"]
[Site "Riyadh KSA"]
[Date "2017.12.26"]
[Round "5.15"]
[White "Mamedyarov,S"]
[Black "Duda,J"]
[Result "1/2-1/2"]
[WhiteElo "2799"]
[BlackElo "2717"]

1.Nf3 d5 2.d4 Nf6 3.e3 e6 4.Bd3 c5 5.b3 Nc6 6.O-O Be7 7.Bb2 O-O 8.dxc5 Bxc5
9.Nbd2 Qe7 10.e4 Nxe4 11.Nxe4 dxe4 12.Bxe4 Rd8 13.Qe2 Bd7 14.a3 a5 15.Rfe1 Be8
16.Bd3 Nd4 17.Nxd4 Bxd4 18.Bxh7+ Kxh7 19.Qd3+ Kg8 20.Bxd4 f6 21.Qe3 Qf7 22.f4 Bc6
23.Rad1 Rd6 24.Bb6 Qg6 25.Qf2 Rxd1 26.Rxd1 Kf7 27.Rd2 Rh8 28.Qg3 Qh5 29.h3 Rh6
30.Qe3 a4 31.b4 Qb5 32.Bc5 Qc4 33.Qd4 Qxd4+ 34.Rxd4 Rg6 35.g4 f5 36.Rd8 Rh6
37.Rf8+ Kg6 38.gxf5+ exf5 39.Kh2 Kh7 40.c4 Rg6 41.h4 Rg2+ 42.Kh3 Rc2 43.b5 Bxb5
44.cxb5 Rxc5 45.b6 Rb5 46.Kg2 Kg6 47.Rh8 Rb2+ 48.Kg1 Rxb6 49.h5+ Kf7 50.Ra8 Rb1+
51.Kf2 b5 52.Ra7+ Kg8 53.Rb7 Rb3 54.Kg2 Kh7 55.Rb6 b4 56.axb4 a3 57.Ra6 Rxb4
58.Kg3 Rb1 59.Rxa3 Rg1+ 60.Kf3 Rh1 61.Kg3 Rxh5 62.Ra5 Kh6 63.Ra6+ g6 64.Ra8 Kg7
65.Ra7+ Kh6 66.Ra8 Kg7 67.Ra7+ Kh6  1/2-1/2

[Event "World Rapid 2017"]
[Site "Riyadh KSA"]
[Date "2017.12.27"]
[Round "6.16"]
[White "Savchenko,B"]
[Black "Mamedyarov,S"]
[Result "1/2-1/2"]
[WhiteElo "2566"]
[BlackElo "2799"]

1.e4 e5 2.Nf3 Nc6 3.Bc4 Bc5 4.d3 Nf6 5.c3 a6 6.a4 d6 7.Nbd2 O-O 8.O-O Re8
9.a5 Ba7 10.h3 Be6 11.Re1 d5 12.exd5 Bxd5 13.Qb3 Bxc4 14.Qxc4 Qd7 15.Ne4 Nd5
16.Ng3 Rad8 17.Bg5 f6 18.Be3 Bxe3 19.fxe3 Qf7 20.Ne4 Nde7 21.Qxf7+ Kxf7 22.Nc5 Nxa5
23.d4 exd4 24.Rxa5 b6 25.Rxa6 bxc5 26.exd4 Rb8 27.Ra7 Rec8 28.dxc5 Rxb2 29.Nd4 Nd5
30.Nf5 Kf8 31.c4 Nf4 32.Re4 Nxg2 33.c6 Rd2 34.Nd4 Kf7 35.Nb5 f5 36.Re5 Nh4
37.Rd5 Kf6 38.Rxc7 Nf3+ 39.Kf1 Nh2+ 40.Kg1 Nf3+ 41.Kf1 Re8 42.Rd6+ Re6 43.Rcd7 Nh2+
44.Kg1 Nf3+ 45.Kf1 Nh2+ 46.Kg1 Nf3+ 47.Kf1 Nh2+  1/2-1/2

[Event "World Rapid 2017"]
[Site "Riyadh KSA"]
[Date "2017.12.27"]
[Round "7.19"]
[White "Mamedyarov,S"]
[Black "Amin,B"]
[Result "1/2-1/2"]
[WhiteElo "2799"]
[BlackElo "2689"]

1.d4 Nf6 2.c4 g6 3.g3 Bg7 4.Bg2 O-O 5.Nc3 d6 6.Nf3 Nc6 7.O-O a6 8.e4 Bg4
9.Be3 Nd7 10.Qd2 Bxf3 11.Bxf3 e5 12.d5 Nd4 13.Bg2 c5 14.dxc6 bxc6 15.f4 Rb8
16.Rf2 Nf6 17.h3 Nh5 18.Kh2 exf4 19.gxf4 c5 20.Rb1 f5 21.Ne2 Nxe2 22.Rxe2 fxe4
23.Bxe4 Kh8 24.Bf3 Qh4 25.Qe1 Qxe1 26.Rbxe1 Nxf4 27.Bxf4 Rxf4 28.Re8+ Rf8
29.Rxb8 Rxb8 30.b3 Be5+ 31.Kg2 Kg7 32.Bd5 a5 33.Rf1 Bf6 34.Re1 Be5 35.Rf1 Rf8
36.Rxf8 Kxf8 37.Kf3 Ke7 38.Ke4 h5 39.Bb7 Kf6 40.Bc8 g5 41.a4 g4 42.hxg4 h4
43.g5+ Kxg5  1/2-1/2

[Event "World Rapid 2017"]
[Site "Riyadh KSA"]
[Date "2017.12.27"]
[Round "8.17"]
[White "Fressinet,L"]
[Black "Mamedyarov,S"]
[Result "0-1"]
[WhiteElo "2662"]
[BlackElo "2799"]

1.e4 e5 2.Nf3 Nc6 3.Bc4 Bc5 4.O-O Nf6 5.d3 d6 6.c3 a6 7.a4 h6 8.Re1 O-O 9.h3 Re8
10.Nbd2 Qe7 11.Nf1 Be6 12.Bxe6 fxe6 13.d4 exd4 14.cxd4 Ba7 15.Ng3 Qf7 16.Be3 Qg6
17.Qb3 Rab8 18.Qc2 Nd5 19.Kh2 Rf8 20.Nh4 Nxe3 21.fxe3 Qg5 22.Nf3 Qa5 23.Rf1 Rf7
24.Qb3 d5 25.e5 Ne7 26.Ne2 c5 27.dxc5 Bxc5 28.Ned4 Qb6 29.Qxb6 Bxb6 30.a5 Ba7
31.Rac1 Nf5 32.Rfe1 Re8 33.Rc3 Bb8 34.Rec1 Ne7 35.Nxe6 Rxf3 36.gxf3 Bxe5+
37.Kg1 Bxc3 38.Rxc3 Nf5 39.e4 Ng3 40.Nc7 Ne2+ 41.Kf2 Nxc3 42.Nxe8 Nb5 43.exd5 Kf7
44.Nxg7 Kxg7 45.Ke3 Kf6 46.Ke4 h5 47.f4 h4 48.Ke3 Kf5 49.Kf3 Nd4+ 50.Ke3 Nb5
51.Kf3 Nc7 52.d6 Nb5 53.d7 Nd4+ 54.Ke3 Nc6 55.Kf3 Ke6 56.Kg4 Kxd7 57.Kxh4 Nxa5
58.Kg5 Ke6 59.Kg6 Nc6 60.f5+ Ke5 61.f6 Ke6 62.h4 a5 63.Kg7 Ne5  0-1

[Event "World Rapid 2017"]
[Site "Riyadh KSA"]
[Date "2017.12.27"]
[Round "9.11"]
[White "Mamedyarov,S"]
[Black "Artemiev,V"]
[Result "1/2-1/2"]
[WhiteElo "2799"]
[BlackElo "2691"]

1.Nf3 b6 2.d4 Bb7 3.g3 Nf6 4.Bg2 g6 5.c4 Bg7 6.O-O O-O 7.Qc2 c5 8.d5 b5 9.e4 bxc4
10.Rd1 d6 11.Na3 Nbd7 12.Nxc4 Ng4 13.Bd2 Ba6 14.Rab1 Nge5 15.Nfxe5 Nxe5 16.Nxe5 Bxe5
17.Bc3 Bxc3 18.Qxc3 Rb8 19.e5 Rb4 20.a3 Rc4 21.Qe3 Qb6 22.b4 Rc2 23.b5 Bc8
24.Be4 Rc4 25.e6 fxe6 26.dxe6 Bb7 27.Bxb7 Qxb7 28.Rxd6 exd6 29.e7 Qe4 30.exf8=Q+ Kxf8
31.Qh6+ Kg8 32.Rd1 Rd4 33.Rxd4 cxd4 34.Qc1 d3 35.Qc8+ Kf7 36.Qd7+ Kg8 37.Qd8+ Kg7
38.Qxd6 Qe1+ 39.Kg2 d2 40.Qd4+ Kh6 41.Qf4+ Kg7 42.Qd4+ Kh6  1/2-1/2

[Event "World Rapid 2017"]
[Site "Riyadh KSA"]
[Date "2017.12.27"]
[Round "10.13"]
[White "Jobava,Ba"]
[Black "Mamedyarov,S"]
[Result "0-1"]
[WhiteElo "2690"]
[BlackElo "2799"]

1.d4 Nf6 2.Bg5 Ne4 3.Bf4 d5 4.f3 Nd6 5.Nc3 e6 6.e3 Be7 7.Qd2 Nd7 8.O-O-O O-O
9.Kb1 c6 10.Bd3 b5 11.Bxd6 Bxd6 12.f4 b4 13.Nce2 c5 14.dxc5 Nxc5 15.Nf3 a5
16.Ned4 a4 17.h4 Ba6 18.g4 Qb6 19.Ka1 Bxd3 20.cxd3 Nb3+ 21.Nxb3 axb3 22.a3 bxa3
23.Kb1 Bb4 24.Qe2 axb2 25.Qxb2 Ra2 26.Qxb3 Ra3 27.Qb2 Rb8 28.Rc1 Qa6 29.Rc7  0-1

[Event "World Rapid 2017"]
[Site "Riyadh KSA"]
[Date "2017.12.28"]
[Round "11.5"]
[White "Mamedyarov,S"]
[Black "Yu Yangyi"]
[Result "1-0"]
[WhiteElo "2799"]
[BlackElo "2751"]

1.d4 Nf6 2.c4 e6 3.Nf3 d5 4.Nc3 Bb4 5.Qc2 c5 6.a3 Bxc3+ 7.bxc3 O-O 8.e3 Qc7
9.a4 Re8 10.Ba3 b6 11.cxd5 exd5 12.Bb5 Bd7 13.O-O Bxb5 14.axb5 a6 15.bxa6 Nxa6
16.h3 Ne4 17.Rfc1 Rec8 18.dxc5 Naxc5 19.c4 Qb7 20.cxd5 Qxd5 21.Nd4 h6 22.Bb2 Rxa1
23.Rxa1 Nd6 24.Qe2 Qe4 25.Rd1 Nf5 26.Nxf5 Qxf5 27.Qb5 Qe6 28.Bd4 Qc6 29.Qb2 Qg6
30.Rc1 Rc6 31.Qb5 Qd6 32.Qb1 Qe6 33.Qa1 Qg6 34.Bxg7 Kh7 35.Bd4 Rc8 36.Qa7 Rg8
37.g3 Ne4 38.Rc7 Ng5 39.Qb7 Qf5 40.h4 Nh3+ 41.Kh2 Rf8 42.g4 Qxf2+ 43.Kxh3 Kg8
44.Qg2 Qe1 45.g5  1-0